01379nam a2200373 a 4500001001200000003000800012006001900020007001500039008004100054010001700095020001800112020002800130040002100158035002100179043001200200050002300212082001800235100001800253245009600271260003800367300002400405490004400429504005100473533015200524650001600676651003000692651003700722651003000759655002900789710001700818830002900835856012600864999001500990ebr10271138CaPaEBRm u cr cn|||||||||060915s2006 ne b sb 001 0 eng  z 2006048723 z9789004155787 z9004155783 (alk. paper) aCaPaEBRcCaPaEBR a(OCoLC)646790001 ae-sw---14aDL672b.L56 2006eb04a948.5/0182221 aLine, Philip.10aKingship and state formation in Sweden, 1130-1290h[electronic resource] /cby Philip Line. aLeiden ;aBoston :bBrill,c2006. axx, 697 p. :bmaps.1 aThe northern world,x1569-1462 ;vv. 27 aIncludes bibliographical references and index. aElectronic reproduction.bPalo Alto, Calif. :cebrary,d2013.nAvailable via World Wide Web.nAccess may be limited to ebrary affiliated libraries. 0aState, The. 0aSwedenxHistoryyTo 1397. 0aSwedenxPolitics and government. 0aSwedenxKings and rulers. 7aElectronic books.2local2 aebrary, Inc. 0aNorthern world ;vv. 27.40uhttp://site.ebrary.com/lib/rucke/Doc?id=10271138zAn electronic book accessible through the World Wide Web; click to view c7243d7243